000 00627cam a22002053a 4500
001 34807
003 PGUSA
005 20140828083742.0
008 110101s2011||||xxu|||||s|||||000 | eng d
040 _aPGUSA
_beng
042 _adc
100 1 _aGerard, John,
_d1840-1912
245 1 0 _aWhat was the Gunpowder Plot? :
_bThe Traditional Story Tested by Original Evidence
_h[electronic resource] /
_cJohn Gerard
260 _bProject Gutenberg,
_c2011
506 _aPublic domain in the USA.
516 _aElectronic text
830 0 _aProject Gutenberg
_v34807
856 4 0 _uhttp://www.gutenberg.org/ebooks/34807
942 _cEB
999 _c264062
_d264062